Normal view
MARC view
- Pak-Army Green Book
Entry Topical Term
001 - CONTROL NUMBER
- control field: 106459
003 - CONTROL NUMBER IDENTIFIER
- control field: NUST
005 - DATE AND TIME OF LATEST TRANSACTION
- control field: 20221230084106.0
008 - FIXED-LENGTH DATA ELEMENTS
- fixed length control field: 221230|| aca||aabn | a|a d
040 ## - CATALOGING SOURCE
- Original cataloging agency: NUST
- Transcribing agency: NUST
150 ## - HEADING--TOPICAL TERM
- Topical term or geographic name entry element: Pak-Army Green Book
670 ## - SOURCE DATA FOUND
- Source citation: Work cat.: (NUST)215433: Usmani, Maj Gen Muzaffar Hussain 106458, Pakistan Army Green Book -1996, , 1996
